000 00698nam a2200277Ia 4500
005 20260324141454.0
008 008 260324s9999 xx 000 0 eng d
020 _a9781003068785
037 _aEBOOK
040 _aCRL
040 _beng
040 _cCRL
041 _2eng
041 _aeng
084 _qCRL
100 _aAlexander S. Kondratyev; Alexander G. Alenitsyn; Eugene I. Butikov
_91208314
245 0 _aConcise Handbook of Mathematics and Physics
260 _bTaylor and Francis
260 _c1997
365 _a
365 _b230
856 _uhttp://www.taylorfrancis.com/books/9781003068785
942 _cEBOOK
999 _c1811446
_d1811446